Mudra, bank baybastha aru antarjatik banijya (Record no. 1101)

MARC details
000 -LEADER
fixed length control field 00562cam a2200193ua 4500
008 - FIXED-LENGTH DATA ELEMENTS--GENERAL INFORMATION
fixed length control field 110613n ii |||gr||||Z||||||asm
040 ## - CATALOGING SOURCE
Transcribing agency MAIN
082 ## - DEWEY DECIMAL CLASSIFICATION NUMBER
Classification number 332.4
245 10 - TITLE STATEMENT
Title Mudra, bank baybastha aru antarjatik banijya
Statement of responsibility, etc. by Nanigopal Goswami
250 ## - EDITION STATEMENT
Edition statement 2nd ed.
260 ## - PUBLICATION, DISTRIBUTION, ETC.
Place of publication, distribution, etc. Guwahati:
Name of publisher, distributor, etc. Jyoti prakashan,995.
300 ## - PHYSICAL DESCRIPTION
Extent 688p.:
Other physical details ill.;
Dimensions 35cm.
700 1# - ADDED ENTRY--PERSONAL NAME
Personal name Goswami, Nanigopal,
Relator term
942 ## - ADDED ENTRY ELEMENTS (KOHA)
Koha item type Books
653 ## - INDEX TERM--UNCONTROLLED
Uncontrolled term Economics
653 ## - INDEX TERM--UNCONTROLLED
Uncontrolled term Mudra, bank baybastha aru antarjatik banijya
653 ## - INDEX TERM--UNCONTROLLED
Uncontrolled term Money, banking and international trade
Holdings
Withdrawn status Lost status Damaged status Not for loan Home library Current library Shelving location Date acquired Total Checkouts Full call number Barcode Date last seen Copy number Price effective from Koha item type
        Naharkatiya College Library Naharkatiya College Library   19/09/2020   332.4 | GOS 2671 19/09/2020 1 19/09/2020 Books

Naharkatiya College © 2020. All rights reserved.

Powered By